| 000 | 02225cam a2200313 i 4500 | ||
|---|---|---|---|
| 999 |
_c7921 _d7921 |
||
| 001 | 7921 | ||
| 003 | Mx-PuUPA | ||
| 005 | 20240410103444.0 | ||
| 008 | 140415s1992 mx a r 000 0 spa d | ||
| 020 | _a9684380445 (edición completa) | ||
| 040 |
_aMX-PuUPA _bspa _erda _cMx-PuUPA _dMx-PuUPA |
||
| 041 | 1 |
_aspa _hita |
|
| 130 | 1 |
_aEnciclopedia illustrada di animali. _lEspañol |
|
| 245 | 1 | 3 |
_aEl mundo animal / _ccoordinador general Fernando Calisalvo Durán ; coordinador de fotografía Javier Aróstegui Oñativia ; coordinador de textos María Alicia Esteban María [y otros tres]. |
| 264 | 1 |
_aMéxico, D.F. : _bUnión Tipográfica Editorial Hispano-Americana, _c1992 |
|
| 300 |
_a12 volúmenes (paginación varía) : _bilustraciones ; _c30 cm. |
||
| 336 |
_atexto _2rdacontent _btxt |
||
| 337 |
_asin medio _2rdamedia _bn |
||
| 338 |
_avolumen _2rdacarrier _bnc |
||
| 505 | 0 |
_gv.1. _tLa célula ; los seres vivos ; relación hombre-animal ; zoología, cronología de la investigación -- _gv.2. _tAbada - ardilla ; monstruos y gigantes ; clasificación de los animales -- _gv.3. _tRegiones naturales de la tierra -- _gv.4. _tCaballito de mar - coral ; los mesozoos -- _gv.5. _tCoríxidos - estrombo ; los nemertinos ; regiones naturales ; bosques de clima templado ; bosques tropicales -- _gv.6. _tEsturión - gusado ; los seudocelomados -- |
|
| 505 | 0 |
_gv.7. _tHalcón - licosa ; los nematodos ; las praderas ; los anélidos ; los equiúridos ; los sipuncúlidos -- _gv.8. _tLibre - morsa ; los moluscos ; el desierto ; los crustáceos ; los insectos ; anfibios y batracios -- _gv.9. _tMosca - pájaro bobo ; las montañas ; reptiles -- _gv.10. _tPájaro bubia - pez vela ; las islas ; las aves -- _gv.11. _tPez volador - sapo ; los ríos y los lagos ; los mamíferos -- _gv.12. _tSardina - zorro ; los mares y océanos ; los peces ; índice. |
|
| 650 | 4 |
_aZoología _xEnciclopedias |
|
| 700 | 1 |
_aCalisalvo Durán, Fernando, _ecoordinador |
|
| 700 | 1 |
_aAróstegui Oñativia, Javier, _ecoordinador _efotógrafo |
|
| 700 | 1 |
_aEsteban María. María Alicia, _ecoordinador _etextos |
|
| 765 | 0 | 8 |
_aCalisalvo Durán, Fernando. _tEnciclopedia illustrada di animali. |
| 942 |
_2ddc _cLI _h591.6 _iM963 |
||